Hortalizas : enfermedades en poscosecha /
Guardado en:
| Autor Principal: | |
|---|---|
| Otros Autores: | |
| Formato: | Libro |
| Publicado: |
Buenos Aires :
Hemisferio Sur,
1982
|
| Materias: | |
| Etiquetas: |
Agregar Etiqueta
Sin Etiquetas, Sea el primero en etiquetar este registro!
|
| LEADER | 00739nam a22002055a 4500 | ||
|---|---|---|---|
| 001 | CEM.cems016227 | ||
| 008 | 130507s1982##################000#0#####d | ||
| 005 | 20231122112042.0 | ||
| 245 | 1 | 0 | |a Hortalizas : |b enfermedades en poscosecha / |c Marta Irene Vigliola, Leonor I Calot |
| 260 | |a Buenos Aires : |b Hemisferio Sur, |c 1982 | ||
| 300 | |a 89 p. | ||
| 505 | 0 | |a Compuestas -- Crucíferas -- Curcurbitáceas -- Leguminosas -- Liliáceas -- Solanáceas -- Quenopodiáceas -- Umbelíferas | |
| 020 | |a 9500042401 | ||
| 100 | 1 | |a Vigliola, Marta Irene | |
| 700 | 1 | |a Calot, Leonor I. | |
| 082 | 0 | 4 | |a 635 |
| 653 | |a Agricultura | ||
| 653 | |a Hortalizas-enfermedades | ||
| 653 | |a Horticultura | ||
| 859 | |a CEMS |b BIB. CEMS - Agricultura |h 635 |i V683-1 |p A11982.83 |t Ej.1 | ||
